[Event "HUN-chT4a 1516"]
[Site "Hungary"]
[Date "2016.02.27"]
[Round "7.7"]
[White "Vasvari, Attila"]
[Black "Szanto, Tamas"]
[Result "1-0"]
[WhiteElo "1621"]
[BlackElo "1269"]
[PlyCount "51"]
[EventDate "2015.10.17"]
[EventType "team-tourn"]
[EventRounds "8"]
[EventCountry "HUN"]
[SourceTitle "EXT 2019"]
[Source "ChessBase"]
[SourceDate "2018.10.10"]
[SourceVersion "1"]
[SourceVersionDate "2018.10.10"]
[SourceQuality "1"]

1. e4 e5 2. Nf3 Nc6 3. Bb5 Nf6 4. 0-0 Bc5 5. c3 d5 6. Nxe5 0-0 7. Nxc6 bxc6 8. Bxc6 Rb8 9. exd5 Nxd5 10. d4 Be7 11. Nd2 Rb6 12. Ba4 Nf6 13. Nc4 Re6 14. Ne5 Bb7 15. Bg5 Nd5 16. Bxe7 Qxe7 17. Bb3 f6 18. Nd3 Kh8 19. Nc5 Rb6 20. Nxb7 Rxb7 21. Bxd5 Rxb2 22. Re1 Qd7 23. Bb3 Qf5 24. Re2 Rxe2 25. Qxe2 Qg6 26. Re1 1-0

[Event "HUN-chT4a 1516"]
[Site "Hungary"]
[Date "2015.10.17"]
[Round "1.17"]
[White "Tringer, Mate"]
[Black "Szanto, Tamas"]
[Result "1-0"]
[WhiteElo "1449"]
[BlackElo "1269"]
[PlyCount "45"]
[EventDate "2015.10.17"]
[EventType "team-tourn"]
[EventRounds "8"]
[EventCountry "HUN"]
[SourceTitle "EXT 2019"]
[Source "ChessBase"]
[SourceDate "2018.10.10"]
[SourceVersion "1"]
[SourceVersionDate "2018.10.10"]
[SourceQuality "1"]

1. d4 Nf6 2. Nf3 d5 3. Bf4 Bf5 4. e3 e6 5. a3 Bd6 6. Bg5 h6 7. Bh4 g5 8. Bg3 Ne4 9. Bd3 Nxg3 10. hxg3 Bxd3 11. Qxd3 f5 12. c4 Qf6 13. cxd5 exd5 14. Qb5+ Nc6 15. Qxb7 Kd7 16. Qb3 Qe6 17. Nc3 g4 18. Ne5+ Bxe5 19. dxe5 Qxe5 20. Qxd5+ Qxd5 21. Nxd5 Ne5 22. Rd1 Ke6 23. Nxc7+ 1-0

[Event "HUN-chT4b 1415"]
[Site "Hungary"]
[Date "2015.04.25"]
[Round "7.4"]
[White "Szanto, Tamas"]
[Black "Balint, Laszlo"]
[Result "1/2-1/2"]
[WhiteElo "1270"]
[BlackElo "1694"]
[PlyCount "53"]
[EventDate "2014.10.04"]
[EventType "team-tourn"]
[EventRounds "7"]
[EventCountry "HUN"]
[SourceTitle "EXT 2016"]
[Source "ChessBase"]
[SourceDate "2015.10.08"]
[SourceVersion "1"]
[SourceVersionDate "2015.10.08"]
[SourceQuality "1"]

1. e4 c5 2. Nc3 Nc6 3. Bc4 Nf6 4. d3 d6 5. Nf3 Bg4 6. 0-0 Nd4 7. Re1 Nxf3+ 8. gxf3 Bh5 9. Bg5 Nd7 10. Nd5 a6 11. Nf4 Bg6 12. Nxg6 hxg6 13. c3 Ne5 14. Bd5 Qd7 15. Bf4 Nc6 16. Bg3 e6 17. Bxc6 Qxc6 18. Rc1 Qd7 19. f4 Be7 20. d4 cxd4 21. cxd4 Bh4 22. d5 Rh5 23. f5 Bxg3 24. fxg3 Ke7 25. fxg6 Rah8 26. Re2 fxg6 27. Rec2 1/2-1/2

[Event "HUN-chT4b 1415"]
[Site "Hungary"]
[Date "2015.02.14"]
[Round "5.5"]
[White "Szanto, Tamas"]
[Black "Jonas, Benedek Gabor"]
[Result "1-0"]
[WhiteElo "1270"]
[BlackElo "1258"]
[PlyCount "91"]
[EventDate "2014.10.04"]
[EventType "team-tourn"]
[EventRounds "7"]
[EventCountry "HUN"]
[SourceTitle "EXT 2016"]
[Source "ChessBase"]
[SourceDate "2015.10.08"]
[SourceVersion "1"]
[SourceVersionDate "2015.10.08"]
[SourceQuality "1"]

1. e4 e6 2. Nf3 d5 3. d3 dxe4 4. dxe4 Qxd1+ 5. Kxd1 Nc6 6. Bb5 Bd7 7. Bf4 Rc8 8. a3 a6 9. Bxc6 Bxc6 10. Nbd2 Bc5 11. Ke2 Ne7 12. b4 Bb6 13. Ne5 0-0 14. f3 a5 15. c4 axb4 16. axb4 Ra8 17. c5 Bb5+ 18. Kf2 Ba7 19. Ra5 Bxc5+ 20. Be3 Bxe3+ 21. Kxe3 Rxa5 22. bxa5 f6 23. Nd3 Ra8 24. Ra1 Nc6 25. Nb3 Bc4 26. Nbc5 Bxd3 27. Kxd3 b6 28. Nxe6 Nb4+ 29. Kc3 bxa5 30. Kb3 Ra7 31. Rd1 Kf7 32. Nd4 Ke7 33. Ka4 Kd6 34. Nb5+ Ke6 35. Nxa7 Nc2 36. Kxa5 Ne3 37. Rg1 c5 38. g3 Ke5 39. Nc6+ Kd6 40. Kb5 c4 41. Re1 Nc2 42. Rd1+ Kc7 43. Nb4 Na3+ 44. Ka4 Kb6 45. Kxa3 Kc5 46. Rd5+ 1-0